| Tag |
First Indicator |
Second Indicator |
Subfields |
| LEADER |
00000cam a22000001 4500 |
| 001 |
in00000064201 |
| 005 |
20151008051748.0 |
| 008 |
740410s1967 cau b 00000 eng |
| 010 |
|
|
|a 67011849
|
| 035 |
|
|
|a (OCoLC)00174641
|
| 035 |
|
|
|9 AAG9829AM
|
| 040 |
|
|
|a DLC
|c DLC
|d TXA
|d UtOrBLW
|
| 041 |
1 |
|
|a eng
|a por
|
| 043 |
|
|
|a s-bl---
|
| 049 |
|
|
|a TXAM
|c [467457]
|
| 050 |
0 |
0 |
|a HC187
|b .P7513
|
| 082 |
0 |
|
|a 330.981
|
| 092 |
|
|
|a 330.981
|b P896c
|
| 100 |
1 |
|
|a Prado Júnior, Caio,
|d 1907-1990.
|
| 240 |
1 |
0 |
|a Formacao do Brasil contemporaneo. 1. Colonia. English
|
| 245 |
1 |
4 |
|a The colonial background of modern Brazil /
|c Translated from the Portuguese by Suzette Macedo.
|
| 264 |
|
1 |
|a Berkeley :
|b University of California Press,
|c 1967.
|
| 300 |
|
|
|a 530 pages ;
|c 24 cm.
|
| 336 |
|
|
|a text
|b txt
|2 rdacontent
|
| 337 |
|
|
|a unmediated
|b n
|2 rdamedia
|
| 338 |
|
|
|a volume
|b nc
|2 rdacarrier
|
| 500 |
|
|
|a Translation of Formacao do Brasil contemporaneo. volume 1. Colonia.
|
| 504 |
|
|
|a Bibliography: pages 501-513.
|
| 651 |
|
0 |
|a Brazil
|x Economic conditions.
|
| 651 |
|
0 |
|a Brazil
|x History
|y To 1822.
|
| 999 |
|
|
|a MARS
|
| 999 |
f |
f |
|s 5fc2298c-f5d2-3193-9e87-46a78c6c5ce3
|i bac2772b-1e97-37ab-9d4b-cf75e3267c5e
|t 0
|
| 952 |
f |
f |
|p ric
|a Texas A&M University
|b Rellis Campus
|c Joint Library Facility
|d Remote Storage
|t 0
|e HC187 .P7513
|h Library of Congress classification
|i unmediated -- volume
|m A14800710458
|
| 998 |
f |
f |
|a HC187 .P7513
|t 0
|l Remote Storage
|